Zodpovedné podnikanie v cestovnom ruchu v nezodpovednej dobe

Analýza vplyvu aktuálne príjmaných opatrení v daňovej oblasti na finančné hospodárenie podnikov cestovného ruchu a simulácia ich dôsledkov na jeho vývoj v budúcnosti.

Saved in:
Bibliographic Details
Main Author: Elexa, Ľuboš
Format: Book Chapter
Language:Slovak
Subjects:
Tags: Add Tag
No Tags, Be the first to tag this record!

MARC

LEADER 00000naa a2200000 4500
001 0201889
005 20221020082452.8
041 0 |a slo 
044 |a SK 
245 1 0 |a Zodpovedné podnikanie v cestovnom ruchu v nezodpovednej dobe  |c Ľuboš Elexa 
520 |a Analýza vplyvu aktuálne príjmaných opatrení v daňovej oblasti na finančné hospodárenie podnikov cestovného ruchu a simulácia ich dôsledkov na jeho vývoj v budúcnosti. 
610 2 0 |a podnikanie zodpovedné 
610 2 0 |a hospodárenie finančné 
610 2 0 |a ruch cestovný 
610 2 0 |a politika daňová 
610 2 0 |a Slovensko 
100 1 |a Elexa, Ľuboš